| 000 | 00378nam a2200133Ia 4500 | ||
|---|---|---|---|
| 008 | 250610s9999 xx 000 0 und d | ||
| 082 | _a333.91 BRO | ||
| 100 | _aBrohi, Sikander | ||
| 245 | 0 |
_aIndus Flow Downstream Kotri Barrage Need or Waste? _b(judicial review in Pakistan) |
|
| 260 |
_aKarachi: _bSZABIST, _c2003 |
||
| 300 | _a140p. | ||
| 600 | _aSocial Science | ||
| 942 | _cGB | ||
| 999 |
_c31424 _d31424 |
||